Quick Pick: Which Nut? Quiz Stats

 Plays Quiz Updated Jul 10, 2018

Challenge
Share
Tweet
Embed
Score 0/12 Timer 01:30
0 Plays Today
% Correct
Candlenut
89.3%
Donut
87.1%
Butternut
84.1%
Brazil Nut
83.7%
Breadnut
78.6%
Chestnut
72.1%
Fistinut
71.3%
Coconut
69.1%
Gabon Nut
68%
Walnut
59.4%
Earthnut
49.2%
Pine Nut
47.3%

Today's Daily Dose

You're not logged in!

Compare scores with friends on all Sporcle quizzes.
OR
Log In

You Might Also Like...

Show Comments

Extras

Top Quizzes Today


Score Distribution

Your Account Isn't Verified!

In order to create a playlist on Sporcle, you need to verify the email address you used during registration. Go to your Sporcle Settings to finish the process.

Report this User

Report this user for behavior that violates our Community Guidelines.

Details: